[Event "FIRST SATURDAY TOURNAMENTS Budapest FM A"]
[Site "Budapest"]
[Date "2011.07.12"]
[Round "11.1"]
[White "Gulyas, Attila"]
[Black "Kantor, Reka"]
[Result "1-0"]
[WhiteElo "2038"]
[BlackElo "1965"]
[PlyCount "63"]
[EventDate "2011.07.02"]

1. e4 e5 2. d4 exd4 3. Bc4 Nc6 4. Nf3 Bc5 5. Ng5 Nh6 6. Nxf7 Nxf7 7. Bxf7+ Kxf7
8. Qh5+ g6 9. Qxc5 d6 10. Qb5 a6 11. Qb3+ Kg7 12. O-O Re8 13. Re1 d5 14. Nd2
Na5 15. Qa3 dxe4 16. Nxe4 Bf5 17. Bg5 Qd7 18. Nf6 Rxe1+ 19. Rxe1 Qd6 20. Ne8+
Rxe8 21. Rxe8 Qxa3 22. bxa3 Bxc2 23. Re7+ Kg8 24. Rxc7 d3 25. Kf1 Bb1 26. Bd2
Nc6 27. Rxb7 Bxa2 28. Rb6 Ne5 29. Rxa6 Bb1 30. Ke1 Bc2 31. a4 Nc4 32. a5 1-0

[Event "FIRST SATURDAY TOURNAMENTS Budapest FM A"]
[Site "Budapest"]
[Date "2011.07.12"]
[Round "11.2"]
[White "Somogyi, Gabor"]
[Black "Juracsik, Jozsef"]
[Result "1/2-1/2"]
[WhiteElo "1995"]
[BlackElo "2193"]
[PlyCount "20"]
[EventDate "2011.07.02"]

1. e4 c5 2. Nf3 d6 3. d4 cxd4 4. Nxd4 Nf6 5. Nc3 a6 6. Be2 e5 7. Nb3 Be7 8. O-O
O-O 9. Be3 Be6 10. f3 Nbd7 1/2-1/2

[Event "FIRST SATURDAY TOURNAMENTS Budapest FM A"]
[Site "Budapest"]
[Date "2011.07.12"]
[Round "11.3"]
[White "Kis, Bela"]
[Black "Tran, Minh Thang"]
[Result "0-1"]
[WhiteElo "2058"]
[BlackElo "2092"]
[PlyCount "42"]
[EventDate "2011.07.02"]

1. e4 e6 2. d4 d5 3. Nc3 Bb4 4. Bd2 dxe4 5. Qg4 Nf6 6. Qxg7 Rg8 7. Qh6 Qxd4 8.
Nge2 Qe5 9. g3 Rg6 10. Qh4 Rg4 11. Qh3 Nc6 12. Bg2 Bd7 13. O-O O-O-O 14. f3
exf3 15. Rxf3 Nd4 16. Nxd4 Rxd4 17. Be3 Bc6 18. Rxf6 Qxe3+ 19. Kh1 Bxc3 20.
bxc3 Qxc3 21. Raf1 Rd2 0-1

[Event "FIRST SATURDAY TOURNAMENTS Budapest FM A"]
[Site "Budapest"]
[Date "2011.07.12"]
[Round "11.5"]
[White "Zala, Gyula"]
[Black "Letay, Gyula"]
[Result "0-1"]
[WhiteElo "2021"]
[BlackElo "2020"]
[PlyCount "66"]
[EventDate "2011.07.02"]

1. e3 b6 2. Ne2 Bb7 3. d4 d5 4. f4 Nf6 5. Nd2 Nbd7 6. c3 e6 7. Ng3 g6 8. Bd3
Bg7 9. Qc2 c5 10. Nf3 Qc7 11. Bd2 a5 12. O-O Ba6 13. Rae1 Bxd3 14. Qxd3 O-O 15.
Ne5 Rab8 16. Qb5 Qd6 17. Bc1 Rfc8 18. Nh1 Rb7 19. Nf2 Ne8 20. Qa6 Qc7 21. Qe2
Nd6 22. g4 b5 23. Nfd3 Nxe5 24. fxe5 Nc4 25. Rf3 b4 26. cxb4 axb4 27. Bd2 Bf8
28. Rc1 Nxd2 29. Qxd2 c4 30. Nf4 c3 31. Qd3 cxb2 32. Rxc7 Rbxc7 33. Rf1 Rc1 0-1